Random Animals - Statistics

General Stats
  • This quiz has been taken 20 times
  • The average score is 12 of 16
Answer Stats
Picture Answer % Correct
Hippo
100%
Zebra
100%
Polar bear
95%
Red panda
95%
Black bear
90%
Crab
90%
Scorpion
90%
Puffin
85%
Rooster
85%
Red fox
80%
Coyote
75%
Mallard
60%
Humpback whale
55%
Bighorn sheep
25%
Gharial
25%
Whitetail deer
25%
No matching quizzes found
Score Distribution
Percent of People with Each Score
Percentile by Number Answered
Your Score History
You have not taken this quiz